| 000 | 00947nam a22002897a 4500 | ||
|---|---|---|---|
| 001 | 5413 | ||
| 003 | FISKH | ||
| 005 | 20250703102731.0 | ||
| 008 | 241204b cb ||||| |||| 00| 0 eng d | ||
| 020 | _a9780545434102 | ||
| 040 |
_aFISKH _beng _cFISKH _dFISKH |
||
| 050 | _aQL737.C27 | ||
| 082 | _a599.789 | ||
| 100 |
_aHatkoff, Craig _d(1954-) |
||
| 245 |
_aPanda patrol caring for a cub / _cTold by Juliana, Isabella, and Craig Hatkoff |
||
| 250 | _aFirst printing in 2012 | ||
| 260 |
_aNew York : _bScholastic, _c2012. |
||
| 300 |
_a31 pages : _bcolor illustrations ; _c23 cm |
||
| 505 | _aP | ||
| 520 | _aMeet a giant panda cub and the keepers at the Wolong Conservancy in China who will do anything to help him survive in the wild--even dress up in panda costumes! | ||
| 521 | 8 |
_a600L
_bLexile |
|
| 521 | 8 |
_aP
_bRaz-Plus |
|
| 650 |
_2Animals _aScience |
||
| 650 |
_2Non-fiction _aPanda |
||
| 942 |
_2ddc _cBK _n0 |
||
| 999 |
_c5413 _d5413 |
||